[Event "NZL-ch Major op"]
[Site "Auckland"]
[Date "2019.01.20"]
[Round "7"]
[White "Li, Rodney Xiang Rei"]
[Black "Li, Leo Xiang Yu"]
[Result "1/2-1/2"]
[WhiteElo "1446"]
[BlackElo "1231"]
[PlyCount "61"]
[EventDate "2019.01.14"]
[EventType "swiss"]
[EventRounds "9"]
[EventCountry "NZL"]
[SourceTitle "CBM 189 Extra"]
[Source "ChessBase"]
[SourceDate "2019.06.03"]
[SourceVersion "1"]
[SourceVersionDate "2019.06.03"]
[SourceQuality "1"]

1. e4 e5 2. Nf3 Nc6 3. d4 exd4 4. Nxd4 Bc5 5. Nxc6 bxc6 6. Bc4 Nf6 7. e5 Ne4 8. Qf3 0-0 9. Bxf7+ Rxf7 10. Qxe4 Bxf2+ 11. Ke2 Ba6+ 12. c4 d5 13. exd6 cxd6 14. Qg4 Qe7+ 15. Kd3 Re8 16. Nc3 d5 17. b3 dxc4+ 18. bxc4 Rd8+ 19. Kc2 Bd4 20. Rd1 Rf2+ 21. Rd2 Rxd2+ 22. Bxd2 Bxc4 23. Re1 Qa3 24. Re4 Bxc3 25. Re8+ Rxe8 26. Qxc4+ Kh8 27. Bxc3 Qd6 28. Qf7 Qf8 29. Bxg7+ Qxg7 30. Qxe8+ Qg8 31. Qe5+ 1/2-1/2

[Event "NZL-ch Major op"]
[Site "Auckland"]
[Date "2019.01.15"]
[Round "2"]
[White "Chai, Jacob"]
[Black "Li, Rodney Xiang Rei"]
[Result "0-1"]
[WhiteElo "1019"]
[BlackElo "1446"]
[PlyCount "75"]
[EventDate "2019.01.14"]
[EventType "swiss"]
[EventRounds "9"]
[EventCountry "NZL"]
[SourceTitle "CBM 189 Extra"]
[Source "ChessBase"]
[SourceDate "2019.06.03"]
[SourceVersion "1"]
[SourceVersionDate "2019.06.03"]
[SourceQuality "1"]

1. d4 Nf6 2. c4 e6 3. Nc3 c5 4. e3 b6 5. Nf3 Bb7 6. Bd3 cxd4 7. exd4 d6 8. 0-0 Nbd7 9. Re1 Be7 10. b3 Rc8 11. Bb2 a6 12. Qc2 d5 13. cxd5 Nxd5 14. Qd2 N7f6 15. Bc4 0-0 16. Ne5 b5 17. Bxd5 Nxd5 18. Nxd5 Qxd5 19. f3 a5 20. Rac1 Bb4 21. Bc3 Bxc3 22. Rxc3 Rxc3 23. Qxc3 b4 24. Qc5 f6 25. Nd3 Rc8 26. Qxd5 Bxd5 27. Nf4 Kf7 28. Nxd5 exd5 29. Re2 Rc3 30. Kf2 Rd3 31. h3 Rxd4 32. Ke3 Rd1 33. Rd2 Rxd2 34. Kxd2 Ke6 35. Kd3 Ke5 36. g3 g5 37. f4+ gxf4 38. gxf4+ 0-1

[Event "Oceania-ch U20"]
[Site "Auckland"]
[Date "2019.01.09"]
[Round "4"]
[White "Ong, Calvin"]
[Black "Li, Rodney Xiang Rei"]
[Result "0-1"]
[WhiteElo "1477"]
[BlackElo "1446"]
[PlyCount "59"]
[EventDate "2019.01.08"]
[EventType "swiss"]
[EventRounds "9"]
[EventCountry "NZL"]
[SourceTitle "EXT 2020"]
[Source "ChessBase"]
[SourceDate "2019.10.17"]
[SourceVersion "1"]
[SourceVersionDate "2019.10.17"]
[SourceQuality "1"]

1. d4 Nf6 2. Nc3 e6 3. e4 b6 4. e5 Nd5 5. Nxd5 exd5 6. Nf3 d6 7. Bg5 Be7 8. Bxe7 Qxe7 9. Bb5+ c6 10. Ba4 Ba6 11. Qd2 0-0 12. 0-0-0 b5 13. Bb3 Nd7 14. Rhe1 Rfe8 15. exd6 Qxd6 16. Rxe8+ Rxe8 17. g3 Nf6 18. Ne5 Bb7 19. a4 a6 20. f4 Ne4 21. Qg2 Qb4 22. axb5 axb5 23. Ba2 Ra8 24. c3 Qa4 25. Bb1 b4 26. Bxe4 dxe4 27. Qxe4 bxc3 28. Qc2 Qa1+ 29. Qb1 Ra2 30. bxc3 0-1

[Event "Oceania-ch U20"]
[Site "Auckland"]
[Date "2019.01.08"]
[Round "2"]
[White "Li, Rodney Xiang Rei"]
[Black "Au, Alexander"]
[Result "0-1"]
[WhiteElo "1446"]
[BlackElo "1789"]
[PlyCount "58"]
[EventDate "2019.01.08"]
[EventType "swiss"]
[EventRounds "9"]
[EventCountry "NZL"]
[SourceTitle "EXT 2020"]
[Source "ChessBase"]
[SourceDate "2019.10.17"]
[SourceVersion "1"]
[SourceVersionDate "2019.10.17"]
[SourceQuality "1"]

1. e4 d5 2. exd5 Nf6 3. c4 e6 4. Nc3 exd5 5. cxd5 Nxd5 6. Bc4 Nxc3 7. bxc3 Bd6 8. d4 0-0 9. Ne2 b6 10. Bd5 c6 11. Bf3 Bb7 12. Bf4 Re8 13. 0-0 Na6 14. c4 Nc7 15. Bg3 Ne6 16. Qd2 Bxg3 17. hxg3 Qf6 18. Rfd1 Rad8 19. Qc3 Ng5 20. Nf4 Nxf3+ 21. gxf3 c5 22. Rd3 cxd4 23. Qa3 g5 24. Nh3 Qh6 25. Qxa7 Rd7 26. Kh2 g4 27. fxg4 Bg2 28. Qxd7 Qxh3+ 29. Kg1 Qh1# 0-1

[Event "NZL-ch U20 op"]
[Site "Palmerston North"]
[Date "2018.01.09"]
[Round "6"]
[White "Li, Rodney Xiang Rei"]
[Black "Li, Leo Xiang Yu"]
[Result "1-0"]
[WhiteElo "1487"]
[BlackElo "1277"]
[PlyCount "37"]
[EventDate "2018.01.02"]
[EventType "swiss"]
[EventRounds "6"]
[EventCountry "NZL"]
[SourceTitle "EXT 2019"]
[Source "ChessBase"]
[SourceDate "2018.10.10"]
[SourceVersion "1"]
[SourceVersionDate "2018.10.10"]
[SourceQuality "1"]

1. e4 e5 2. Nf3 Nc6 3. Bb5 a6 4. Bxc6 dxc6 5. 0-0 Bg4 6. h3 h5 7. d3 Bc5 8. b3 Qc8 9. Be3 Bxe3 10. fxe3 Nf6 11. hxg4 hxg4 12. Nxe5 g3 13. Qf3 Nh5 14. Qxf7+ Kd8 15. Ng6 Re8 16. Rf5 Nf6 17. Qxg7 Nd7 18. Rf7 Nb6 19. Rf8 1-0

[Event "NZL-ch U20 op"]
[Site "Palmerston North"]
[Date "2018.01.07"]
[Round "4"]
[White "Li, Rodney Xiang Rei"]
[Black "Steadman, Mathew"]
[Result "1-0"]
[WhiteElo "1487"]
[BlackElo "1509"]
[PlyCount "45"]
[EventDate "2018.01.02"]
[EventType "swiss"]
[EventRounds "6"]
[EventCountry "NZL"]
[SourceTitle "EXT 2019"]
[Source "ChessBase"]
[SourceDate "2018.10.10"]
[SourceVersion "1"]
[SourceVersionDate "2018.10.10"]
[SourceQuality "1"]

1. e4 g6 2. d4 Bg7 3. Nf3 d6 4. b3 a6 5. Bb2 e6 6. c4 Nd7 7. Nbd2 Ne7 8. Qc2 b6 9. Bd3 Bb7 10. 0-0 0-0 11. Rac1 f5 12. Ng5 Rf6 13. d5 e5 14. Ne6 Qc8 15. f4 Bh8 16. Nf3 fxe4 17. Bxe4 Rf7 18. Nfg5 Rf6 19. f5 gxf5 20. Rxf5 Nxf5 21. Bxf5 Rxf5 22. Qxf5 Nf6 23. Nxh7 1-0

[Event "Auckland Anniversary op"]
[Site "Auckland"]
[Date "2017.01.30"]
[Round "6"]
[White "Li, Rodney Xiang Rei"]
[Black "Lyall, Simon"]
[Result "0-1"]
[WhiteElo "1525"]
[BlackElo "1728"]
[PlyCount "78"]
[EventDate "2017.01.27"]
[EventType "swiss"]
[EventRounds "7"]
[EventCountry "NZL"]
[SourceTitle "EXT 2018"]
[Source "ChessBase"]
[SourceDate "2017.10.13"]
[SourceVersion "1"]
[SourceVersionDate "2017.10.13"]
[SourceQuality "1"]

1. e4 e5 2. Nf3 Nf6 3. d4 Nxe4 4. Bd3 d5 5. Nxe5 Nd7 6. 0-0 Nxe5 7. dxe5 Nc5 8. Be2 Bf5 9. Nc3 c6 10. Be3 Ne6 11. Nb1 Bb4 12. c3 Ba5 13. Nd2 0-0 14. Nb3 Bc7 15. Nd4 Be4 16. f4 Qe7 17. Qd2 f6 18. Bg4 Nd8 19. exf6 Qxf6 20. Rf2 Re8 21. Re1 Nf7 22. Ne2 Nh6 23. Bh3 Nf5 24. Bxf5 Qxf5 25. Ng3 Qg6 26. Nxe4 Rxe4 27. Bd4 Rxe1+ 28. Qxe1 Re8 29. Be5 Bb6 30. Kf1 Bxf2 31. Qxf2 Qb1+ 32. Ke2 Qxb2+ 33. Kf3 Qxf2+ 34. Kxf2 Kf7 35. Kf3 g5 36. g3 gxf4 37. gxf4 Kg6 38. Bd4 Kf5 39. Bxa7 Ra8 0-1

[Event "Auckland Anniversary op"]
[Site "Auckland"]
[Date "2017.01.29"]
[Round "5"]
[White "Ha, Huy Minh"]
[Black "Li, Rodney Xiang Rei"]
[Result "0-1"]
[WhiteElo "1773"]
[BlackElo "1525"]
[PlyCount "108"]
[EventDate "2017.01.27"]
[EventType "swiss"]
[EventRounds "7"]
[EventCountry "NZL"]
[SourceTitle "EXT 2018"]
[Source "ChessBase"]
[SourceDate "2017.10.13"]
[SourceVersion "1"]
[SourceVersionDate "2017.10.13"]
[SourceQuality "1"]

1. c4 b6 2. e4 e6 3. Nc3 Bb7 4. d3 d5 5. exd5 exd5 6. d4 Nf6 7. Nf3 dxc4 8. Qa4+ Nbd7 9. Bxc4 Be7 10. Qb3 0-0 11. Bd2 Bxf3 12. gxf3 c6 13. 0-0-0 b5 14. Bd3 Nb6 15. Be3 a5 16. h4 a4 17. Qc2 Nbd5 18. Nxd5 Qxd5 19. Kb1 b4 20. Qc4 Qxf3 21. Rdg1 Qd5 22. Rh2 Qxc4 23. Bxc4 Nd5 24. Rhg2 g6 25. h5 Kg7 26. Bd2 Rab8 27. h6+ Kh8 28. Bxd5 cxd5 29. f3 Bf6 30. Be3 b3 31. Bf4 bxa2+ 32. Kxa2 Rb3 33. Be5 Bxe5 34. dxe5 Rxf3 35. Rg3 Rxg3 36. Rxg3 Rd8 37. Ka3 d4 38. Rd3 Kg8 39. Kxa4 f5 40. exf6 Kf7 41. b4 Kxf6 42. b5 Ke5 43. b6 Ke4 44. Rd1 d3 45. Kb5 d2 46. Kc6 Ke3 47. Kc7 Rd3 48. b7 Rc3+ 49. Kd7 Rb3 50. Kc7 Ke2 51. Rh1 d1Q 52. Rxd1 Kxd1 53. b8Q Rxb8 54. Kxb8 g5 0-1

[Event "Auckland Anniversary op"]
[Site "Auckland"]
[Date "2017.01.29"]
[Round "4"]
[White "Li, Rodney Xiang Rei"]
[Black "Jacobs, Hilton"]
[Result "1-0"]
[WhiteElo "1525"]
[BlackElo "1678"]
[PlyCount "133"]
[EventDate "2017.01.27"]
[EventType "swiss"]
[EventRounds "7"]
[EventCountry "NZL"]
[SourceTitle "EXT 2018"]
[Source "ChessBase"]
[SourceDate "2017.10.13"]
[SourceVersion "1"]
[SourceVersionDate "2017.10.13"]
[SourceQuality "1"]

1. e4 e6 2. d4 d5 3. exd5 exd5 4. c4 Nf6 5. Nc3 Be6 6. Qb3 Nc6 7. Nf3 dxc4 8. Bxc4 Bxc4 9. Qxc4 Bb4 10. 0-0 0-0 11. a3 Bxc3 12. bxc3 Qd5 13. Qd3 Na5 14. Bf4 c6 15. Rfe1 Rfe8 16. Re5 Rxe5 17. Nxe5 b5 18. a4 Nb7 19. axb5 cxb5 20. Qf3 a5 21. Qxd5 Nxd5 22. Bd2 f6 23. Nc6 a4 24. Nb4 Nb6 25. Nc2 Nc4 26. Bc1 Nbd6 27. f3 Na5 28. Ba3 Ndc4 29. Kf2 Nb3 30. Rd1 Rd8 31. Re1 Rd7 32. Re8+ Kf7 33. Rb8 Rc7 34. Bb4 Ra7 35. Na3 Nxa3 36. Bxa3 Ra5 37. d5 Nd2 38. Rf8+ Kg6 39. Bc5 Nc4 40. d6 Ne5 41. Ba3 Kf5 42. Re8 Ra7 43. Re7 Nd7 44. Rxg7 Ke5 45. Rxh7 Kd5 46. Rh4 Ra8 47. Rb4 Kc6 48. c4 bxc4 49. Rxc4+ Kd5 50. Rc7 Ke6 51. g4 Ne5 52. Re7+ Kd5 53. d7 Rd8 54. Re8 Rxd7 55. Ra8 Kc4 56. Rxa4+ Kb3 57. Ra6 Rd2+ 58. Kg3 Rd3 59. Rxf6 Kxa3 60. g5 Kb4 61. g6 Rd7 62. Kf4 Nd3+ 63. Kf5 Rd5+ 64. Ke6 Re5+ 65. Kf7 Rg5 66. f4 Rb5 67. g7 1-0

[Event "NZL-ch Major op"]
[Site "Devonport"]
[Date "2016.01.08"]
[Round "7"]
[White "Li, Rodney Xiang Rei"]
[Black "Goh, Julien"]
[Result "1/2-1/2"]
[WhiteElo "1479"]
[BlackElo "1170"]
[PlyCount "92"]
[EventDate "2016.01.02"]
[EventType "swiss"]
[EventRounds "9"]
[EventCountry "NZL"]
[SourceTitle "EXT 2018"]
[Source "ChessBase"]
[SourceDate "2017.10.13"]
[SourceVersion "1"]
[SourceVersionDate "2017.10.13"]
[SourceQuality "1"]

1. e4 c5 2. Nf3 e6 3. d4 cxd4 4. Nxd4 Nc6 5. Nc3 Qc7 6. Ndb5 Qb8 7. f4 a6 8. Na3 b5 9. Ne2 Nf6 10. e5 Ne4 11. Be3 d5 12. exd6 Nxd6 13. Bc5 b4 14. Nb1 Be7 15. Qd3 Qb5 16. Qxb5 Nxb5 17. Bxe7 Kxe7 18. c3 bxc3 19. Nbxc3 Nbd4 20. Nxd4 Nxd4 21. 0-0-0 Nb5 22. Bxb5 axb5 23. Nxb5 Rxa2 24. Na3 Ra1+ 25. Kc2 Rxd1 26. Rxd1 Bd7 27. Rd4 Rc8+ 28. Rc4 Rxc4+ 29. Nxc4 Kf6 30. g3 Kf5 31. Nd6+ Kg4 32. Nxf7 Kh3 33. Ne5 Ba4+ 34. Kd3 Kxh2 35. g4 Kg3 36. Ke3 Bb3 37. f5 exf5 38. gxf5 h5 39. Nd3 h4 40. Nf2 h3 41. Ne4+ Kg2 42. Kf4 h2 43. Ng3 h1Q 44. Nxh1 Kxh1 45. Kg5 Kg2 46. Kg6 Bc2 1/2-1/2

[Event "NZL-ch op 122nd"]
[Site "Auckland"]
[Date "2015.01.06"]
[Round "6"]
[White "Lamerton, Troy"]
[Black "Li, Rodney Xiang Rei"]
[Result "1/2-1/2"]
[WhiteElo "1731"]
[BlackElo "1452"]
[PlyCount "70"]
[EventDate "2015.01.01"]
[EventType "swiss"]
[EventRounds "9"]
[EventCountry "NZL"]
[SourceTitle "CBM 164 Extra"]
[Source "ChessBase"]
[SourceDate "2015.03.02"]
[SourceVersion "1"]
[SourceVersionDate "2015.03.02"]
[SourceQuality "1"]

1. d4 Nf6 2. Nf3 e6 3. Bf4 c5 4. c3 d5 5. e3 b6 6. Bd3 Bd6 7. Bxd6 Qxd6 8. 0-0 0-0 9. Nbd2 Nbd7 10. Re1 Bb7 11. e4 Nxe4 12. Nxe4 dxe4 13. Bxe4 Bxe4 14. Rxe4 Nf6 15. Rh4 Rfd8 16. Qd2 Rd7 17. Rd1 Rad8 18. Re1 Qe7 19. Rh3 cxd4 20. Nxd4 Qd6 21. Qg5 Qd5 22. Qxd5 Rxd5 23. Rhe3 g6 24. f3 Kg7 25. Kf2 Ne8 26. Re5 Kf6 27. f4 a5 28. a4 Nc7 29. g4 h6 30. h4 R8d6 31. g5+ Kg7 32. Kf3 h5 33. R1e2 Kf8 34. R2e3 Ke7 35. b3 Kd7 1/2-1/2

[Event "NZL-ch Major op"]
[Site "Wellington"]
[Date "2013.01.05"]
[Round "6"]
[White "Li, Rodney Xiang Rei"]
[Black "Cunningham, Patrick D"]
[Result "0-1"]
[WhiteElo "951"]
[BlackElo "1505"]
[PlyCount "86"]
[EventDate "2012.12.31"]
[EventType "swiss"]
[EventRounds "11"]
[EventCountry "NZL"]
[SourceTitle "CBM 152 Extra"]
[Source "ChessBase"]
[SourceDate "2013.02.25"]
[SourceVersion "1"]
[SourceVersionDate "2013.02.25"]
[SourceQuality "1"]

1. e4 e5 2. Nf3 Nc6 3. Bb5 d6 4. d4 Bd7 5. Nc3 Nf6 6. 0-0 exd4 7. Nxd4 Be7 8. Nxc6 bxc6 9. Bc4 0-0 10. b3 Nxe4 11. Bb2 Nxc3 12. Bxc3 Bf6 13. Qf3 Bxc3 14. Qxc3 d5 15. Bd3 Qg5 16. Rfe1 Rfe8 17. Rad1 Re7 18. Rxe7 Qxe7 19. Re1 Qd6 20. Qe5 Qxe5 21. Rxe5 Re8 22. Rxe8+ Bxe8 23. f4 d4 24. g3 c5 25. Kf2 Bc6 26. Ke2 h6 27. Kd2 Kf8 28. a4 a5 29. c3 Ke7 30. cxd4 cxd4 31. Bc4 Be4 32. Bd3 Bxd3 33. Kxd3 c5 34. g4 Kd6 35. Ke4 g6 36. h4 f5+ 37. gxf5 gxf5+ 38. Kxf5 d3 39. Kg6 d2 40. Kxh6 d1Q 41. b4 cxb4 42. h5 Qg4 43. f5 Ke7 0-1

[Event "NZL-ch Major op"]
[Site "Wellington"]
[Date "2013.01.02"]
[Round "3"]
[White "Qian, Bella"]
[Black "Li, Rodney Xiang Rei"]
[Result "1/2-1/2"]
[WhiteElo "1078"]
[BlackElo "951"]
[PlyCount "97"]
[EventDate "2012.12.31"]
[EventType "swiss"]
[EventRounds "11"]
[EventCountry "NZL"]
[SourceTitle "CBM 152 Extra"]
[Source "ChessBase"]
[SourceDate "2013.02.25"]
[SourceVersion "1"]
[SourceVersionDate "2013.02.25"]
[SourceQuality "1"]

1. e4 e5 2. Nf3 Nc6 3. Bb5 a6 4. Bxc6 dxc6 5. Nc3 Nf6 6. d3 Bb4 7. Nxe5 Qd4 8. Nf3 Bxc3+ 9. bxc3 Qxc3+ 10. Bd2 Qc5 11. 0-0 0-0 12. a3 a5 13. h3 Be6 14. Kh1 Rfe8 15. Nh2 b5 16. f4 b4 17. axb4 axb4 18. Rb1 Reb8 19. Be1 Qb5 20. Bxb4 Ba2 21. Rb2 Nh5 22. Rf3 f5 23. c4 Qa4 24. Qxa4 Rxa4 25. Bc3 Rxb2 26. Bxb2 fxe4 27. dxe4 Rxc4 28. Ra3 Rxe4 29. Nf3 Bd5 30. Ng5 Re8 31. Be5 h6 32. Nf3 Rf8 33. Bxc7 Rf7 34. Bd6 Nxf4 35. Ra8+ Kh7 36. Bc5 Bxf3 37. gxf3 Nxh3 38. Kg2 Ng5 39. Ra3 g6 40. Kg3 h5 41. Re3 Kh6 42. f4 Nh7 43. Re6 Rf6 44. Re8 Rf5 45. Bd6 g5 46. Re6+ Nf6 47. fxg5+ Kxg5 48. Be7 c5 49. Rc6 1/2-1/2